Score 0/14 Timer 04:00
0 Plays Today
% Correct
Rowan
96.6%
Katherine
89.1%
Stella
85.7%
Mona
85.7%
Deborah
80.7%
Mary Beth
79%
Antha
78.2%
% Correct
Suzanne
76.5%
Deirdre
76.5%
Charlotte
73.9%
Marguerite
63%
Marie-Claudette
62.2%
Angelique
56.3%
Jeanne-Louise
55.5%
Remove Ads.
Support Sporcle.
Get the best of Sporcle when you Go Orange. This ad-free experience offers more features, more stats, and more fun while also helping to support Sporcle. Thank you for becoming a member.

You're not logged in!

Compare scores with friends on all Sporcle quizzes.
OR
Log In

Show Comments

Extras

Created Nov 9, 2010ReportNominate
Tags:anne, rice, Witch

Top Quizzes Today


Score Distribution

Your Account Isn't Verified!

In order to create a playlist on Sporcle, you need to verify the email address you used during registration. Go to your Sporcle Settings to finish the process.

Report this User

Report this user for behavior that violates our Community Guidelines.

Details: